Plaquette de Médinet-Abou au Musée National de Cracovie

Titel: Plaquette de Médinet-Abou au Musée National de Cracovie / Joachim Śliwa
Verfasser:
In: Muzeum Narodowe w Warszawie: Bulletin du Musée National de Varsovie,
alle Artikel anzeigen
Veröffentlicht: 1967
Umfang: Ill.
Format: Aufsatz
Sprache: Französisch
Schlagworte:
Vorliegende Ausgabe: Online-Ausg. Heidelberg: Univ.-Bibl., 2014. - Online-Ressource.
Kein Bild verfügbar
X
alg: 47172961
001A    $06055:06-11-20 
001B    $01999:09-11-20 $t22:44:55.000 
001D    $06055:06-11-20 
001U    $0utf8 
001X    $00 
002@    $0Oox 
002C    $aText $btxt $2rdacontent 
002D    $aComputermedien $bc $2rdamedia 
002E    $aOnline-Ressource $bcr $2rdacarrier 
003@    $0471729612 
004U    $0urn:nbn:de:bsz:16-diglit-171625 $SV98 
007A    $0471729612 $aHEB 
007I    $0HHB-386831491 
007I    $0HHB-1456831496 
009Q    $SV98 $uhttp://digi.ub.uni-heidelberg.de/diglit/bmusvars1967/0007 $xH 
010@    $afre 
011@    $a1967 
011B    $a2014 
021A    $aPlaquette de Médinet-Abou au Musée National de Cracovie $hJoachim Śliwa 
028A    $#Śliwa, Joachim Wincenty $7124605710 $8Śliwa, Joachim$Z1940- [Tp1] $9110970322 
033N    $pHeidelberg $nUniv.-Bibl. 
033Q    $aOnline-Ressource 
034M    $aIll. 
037A    $aEnthalten in: 8(1967), Seite 1-4 
037G    $aOnline-Ausg. 
039B    $aIn $8--Obvc--Muzeum Narodowe w Warszawie [Tb1]. Bulletin du Musée National de Varsovie. - Varsovie : Musée, 1960-2009. - Online-Ressource. - ISSN 0027-3791. - DOI 10.11588/diglit.17134. - urn:nbn:de:bsz:16-diglit-171349 $9320356507 
044K    $#Nationalmuseum in Krakau $#Nationalmuseum Krakau $#Polnisches Nationalmuseum Krakau $#National Museum in Krakow $#Musée National de Cracovie $#Museum Nationale Cracoviense $#Nationaal Museum Krakow $#Kurakufu Kokuritsu Bijutsukan $#Muzeum Narodowe Krakau $#クラクフ国立美術館 $71021512-8 $8Muzeum Narodowe w Krakowie [Tb1] $9041994477 
044K    $RÄgypten $#Aegyptus $74068430-1 $8Ägypten$gAltertum [Tg1] $9085192422 
044K    $#Medinet Habu $74099978-6 $8Madinat Habu [Tg1] $9085284718 
044K    $RKleinplastik $74174776-8 $8Plakette [Ts1] $9085815888 
045E    $c700 
045T    $a9,10 

lok: 47172961 3

exp: 47172961 3 1 #EPN
201B/01 $008-11-20 $t22:09:30.050 
201C/01 $008-11-20 
201U/01 $0utf8 
203@/01 $01128931567 
204U/01 $0urn:nbn:de:bsz:16-diglit-171625 $SV98 
208@/01 $a08-11-20 $bl 

lok: 47172961 78

exp: 47172961 78 1 #EPN
201B/01 $011-07-24 $t11:08:38.000 
201C/01 $011-07-24 
201U/01 $0utf8 
203@/01 $01266684042 
208@/01 $a11-07-24 $be 
209A/01 $a/ $f000 $x00 
209A/01 $ab*p $x01 
220C/01 $aeja 
244Z/01 $#Generalgouvernement Polen $#Polska $#Rzeczpospolita Polska $#Polska Rzeczpospolita Ludowa $#Poland $#Pologne $#République Polonaise $#Generalne Gubernatorstwo w Polsce $#Polish People's Republic $#Polska Rzeczpospolita Polen $#PRL $#RP $#Polen Generalgouvernement $#Polska Generalgouvernement $#Besetzte Polnische Gebiete $#Besetztes Gebiet in Polen $#Okupowane Polskie Obszary $#Obszary Okupowane w Polsce $#Volksrepublik Polen $#Polska Rosyjska $#Republic Polen $#Respublika Pol'ša $#Pol'skaja Narodnaja Respublika $#République de Pologne $#Polen Links der Weichsel $#Polska po Lewej Stronie Wisły $#Lenkija $#Polija $#Gubernija Carstva Pol'skago $#Republik Polen $74046496-9 $8--Tg1--Polen $x01 $9085129801 
247C/01 $82080>Marburg/Lahn, Herder-Institut, Forschungsbibliothek, Bibliographieportal $9336309341
LEADER 00000caa a22000002c 4500
001 471729612
003 DE-603
005 20201109224455.0
007 cr||||||||||||
008 201106s1967 xx |||| o| u00||u|fre c
024 7 |a urn:nbn:de:bsz:16-diglit-171625  |2 urn 
035 |a (DE-599)HEB471729612 
040 |a DE-603  |b ger  |c DE-603  |d DE-603 
041 |a fre 
084 |a 700  |q DE-101  |2 sdnb 
084 |a 9,10  |2 ssgn 
100 1 |a Śliwa, Joachim  |d 1940-  |0 (DE-603)110970322  |0 (DE-588)124605710  |2 gnd 
245 0 0 |a Plaquette de Médinet-Abou au Musée National de Cracovie  |c Joachim Śliwa 
264 0 |c 1967 
300 |b Ill. 
336 |a Text  |b txt  |2 rdacontent 
337 |a Computermedien  |b c  |2 rdamedia 
338 |a Online-Ressource  |b cr  |2 rdacarrier 
500 |a Enthalten in: 8(1967), Seite 1-4 
530 |a Online-Ausg. 
533 |b Heidelberg  |c Univ.-Bibl.  |d 2014  |e Online-Ressource  |7 s2014uuuuxx u| 
610 1 7 |a Muzeum Narodowe w Krakowie  |2 gnd  |0 (DE-588)1021512-8  |0 (DE-603)041994477 
650 7 |a Plakette  |0 (DE-588)4174776-8  |0 (DE-603)085815888  |2 gnd 
651 7 |a Ägypten  |g Altertum  |0 (DE-588)4068430-1  |0 (DE-603)085192422  |2 gnd 
651 7 |a Madinat Habu  |0 (DE-588)4099978-6  |0 (DE-603)085284718  |2 gnd 
773 0 8 |i In  |a Muzeum Narodowe w Warszawie  |t Bulletin du Musée National de Varsovie  |d Varsovie : Musée, 1960-2009  |h Online-Ressource  |o 10.11588/diglit.17134  |o urn:nbn:de:bsz:16-diglit-171349  |x 0027-3791  |w (DE-603)320356507  |w (DE-600)2710807-7 
856 |u http://digi.ub.uni-heidelberg.de/diglit/bmusvars1967/0007  |x Verlag 
924 1 |9 603  |a (DE-603)1128931567  |b DE-603  |c HES  |d d 
924 1 |9 2080  |a (DE-603)1266684042  |b DE-2080  |c HES  |d d  |g /